Detalles MARC
| 000 -LIDER |
| fixed length control field |
01739nam a2200349 a 4500 |
| 001 - NÚMERO DE CONTROL |
| Identificador de número de control |
000012904 |
| 003 - IDENTIFICACDOR DE NÚMERO DE CONTROL |
| control field |
DO-SdBNP |
| 005 - DATE AND TIME OF LATEST TRANSACTION |
| control field |
20180307085653.0 |
| 007 - CAMPOS FIJOS DE DESCRIPCIÓN FÍSICA |
| fixed length control field |
000012904 |
| 008 - ELEMENTOS DE LONGITUD FIJA |
| fixed length control field |
091118s2002 dr ac 000 0 spa d |
| 020 ## - ISBN |
| International Standard Book Number |
9993487325 |
| 040 ## - FUENTE DE CATALOGACIÓN |
| Agencia que crea de manera original el registro |
BNPHU |
| Idioma de catalogación |
spa |
| Agencia que realiza la transcripción |
BNPHU |
| 092 ## - LOCALLY ASSIGNED DEWEY DECIMAL CALL NUMBER |
| Número de clasificación |
xxxx |
| Número de ítem (Cutter) |
xxxx |
| 245 00 - MENCIÓN DE TITULO |
| Título |
Antología literaria 1 : |
| Subtítulo |
educación media / |
| Mención de responsabilidad |
selección Manuel García Cartagena ; ilustración Ruddy Núñez. |
| 260 ## - PUBLICACIÓN, DISTRIBUCIÓN, ETC. (PIE DE IMPRENTA) |
| Lugar de publicación, distribución, etc |
Santo Domingo : |
| Nombre del editor, distribuidor, etc. |
Santillana, |
| Fecha de publicación, distribución, etc |
2002. |
| 300 ## - DESCRIPCIÓN FÍSICA |
| Extensión |
151 p. : |
| Otros detalles físicos |
il., retrs. ; |
| Dimensiones |
28 cm. |
| 490 1# - MENCIÓN DE SERIES |
| Mención de serie |
Umbral |
| 500 ## - NOTA GENERAL |
| Nota general |
Literatura dominicana (siglos XVI-XIX) conectada con literatura española (siglos XIII-XIX). |
| 505 0# - NOTA DE CONTENIDO |
| Información miscelánea |
1er. curso/Primer ciclo |
| -- |
Unidad 1 |
| Título |
Primeras letras de la española -- |
| Información miscelánea |
Unidad 2 |
| Título |
Un siglo perdido -- |
| Información miscelánea |
Unidad 3 |
| Título |
Los primeros escritores criollos de la Española -- |
| Información miscelánea |
Unidad 4 |
| Título |
El difícil tránsito hacia la República -- |
| Información miscelánea |
Unidad 5 |
| Título |
Los fundadores -- |
| Información miscelánea |
Unidad 6 |
| Título |
El nacimiento de una tradición -- |
| Información miscelánea |
Unidad 7 |
| Título |
El nacimiento de una historia -- |
| Información miscelánea |
Unidad 8 |
| Título |
El anhelo de un cambio -- |
| Información miscelánea |
Unidad 9 |
| Título |
Tiempos nuevos -- |
| Información miscelánea |
Unidad 10 |
| Título |
Entre la esencia y el artificio -- |
| Información miscelánea |
Unidad 11 |
| Título |
Virtudes neoclásicas -- |
| Información miscelánea |
Unidad 12 |
| Título |
Pasión de libertad -- |
| 700 1# - ASIENTO SECUNDARIO -- NOMBRE PERSONAL |
| Nombre personal |
García Cartagena, Manuel, |
| 700 12 - ASIENTO SECUNDARIO -- NOMBRE PERSONAL |
| Nombre personal |
Núñez, Ruddy , |
| Término de relación |
il. |
| 830 #0 - ASIENTO SECUNDARIO DE SERIE--TÍTULO UNIFORME |
| Título uniforme |
Umbral |
| 930 #1 - EQUIVALENCE OR CROSS-REFERENCE-UNIFORM TITLE HEADING [LOCAL, CANADA] |
| Language of a work |
BND01 |
| Medium of performance for music |
LF1 |
| Field link and sequence number |
20100210 |
| Date of a work |
01 |
| Name of part/section of a work |
CT |
| Miscellaneous information |
7836 |
| Medium |
v. 3 |
| 930 #1 - EQUIVALENCE OR CROSS-REFERENCE-UNIFORM TITLE HEADING [LOCAL, CANADA] |
| Language of a work |
BND01 |
| Medium of performance for music |
LF1 |
| Field link and sequence number |
20091118 |
| Date of a work |
01 |
| Name of part/section of a work |
CT |
| Miscellaneous information |
7836 |
| Medium |
v. 1 |
| 930 #1 - EQUIVALENCE OR CROSS-REFERENCE-UNIFORM TITLE HEADING [LOCAL, CANADA] |
| Language of a work |
BND01 |
| Medium of performance for music |
LF1 |
| Field link and sequence number |
20100210 |
| Date of a work |
01 |
| Name of part/section of a work |
CT |
| Miscellaneous information |
7836 |
| Medium |
v. 2 |
| 942 ## - ADDED ENTRY ELEMENTS (KOHA) |
| Source of classification or shelving scheme |
Dewey Decimal Classification |
| Koha item type |
Libros |
| 945 ## - INFORMACIÓN DE PROCESAMIENTO LOCAL |
| Información de procesamiento local |
inventariado, 2018 / dg |
| 956 ## - LOCAL ELECTRONIC LOCATION AND ACCESS (OCLC) |
| Nombre de host |
DGARCIA |
| Número de acceso |
10 |
| Información de compresión |
20150806 |
| Inicio de sesión |
BND01 |
| Procesador de solicitud |
1122 |
| 956 ## - LOCAL ELECTRONIC LOCATION AND ACCESS (OCLC) |
| Nombre de host |
LOPEREZ |
| Número de acceso |
10 |
| Información de compresión |
20150807 |
| Inicio de sesión |
BND01 |
| Procesador de solicitud |
1500 |
| 956 ## - LOCAL ELECTRONIC LOCATION AND ACCESS (OCLC) |
| Nombre de host |
VMATEO |
| Número de acceso |
10 |
| Información de compresión |
20150813 |
| Inicio de sesión |
BPMSU |
| Procesador de solicitud |
00151 |
| 956 ## - LOCAL ELECTRONIC LOCATION AND ACCESS (OCLC) |
| Nombre de host |
LOPEREZ |
| Número de acceso |
10 |
| Información de compresión |
20160421 |
| Inicio de sesión |
BPMSU |
| Procesador de solicitud |
00041 |